| 000 | 00579nac a22002171ca4500 | ||
|---|---|---|---|
| 001 | a987662552 | ||
| 008 | 170707s2008 gw |||| 000u rus d | ||
| 041 | _arus | ||
| 245 | 0 | 0 |
_aSovremennoe istoričeskoe sibirevedenie : _bXVII - načalo XX v. ; sbornik naučnych trudov |
| 264 |
_aBarnaul : _bAzbuka, _c2008 |
||
| 300 | _a258 S. | ||
| 650 | 0 | _aAufsatzsammlung | |
| 651 | 0 | _aSibirien | |
| 651 | 0 | _a | |
| 700 | 1 |
_aSkubnevskij, V. A. _eHerausgeberIn |
|
| 710 | 2 | _aAltajskij gos. universitet | |
| 942 | _cMG | ||
| 040 | _cRU-10907106 | ||
| 003 | RU-10907106 | ||
| 999 |
_c47071 _d47071 |
||